| 000 | 00666nam a22002057a 4500 | ||
|---|---|---|---|
| 999 |
_c19811 _d19811 |
||
| 003 | AR-CdUCM | ||
| 008 | 190522b ||||| |||| 00| 0 spa d | ||
| 040 |
_aMUNICIPALIDAD PROVINCIAL DEL CUSCO _cBIBLIOTECA MUNICIPAL DEL CUSCO |
||
| 082 |
_a969.501 / _bF65 |
||
| 100 |
_aFlores Palomino, Lily _940955 |
||
| 245 |
_aPhawaq titi : _bProyectil / |
||
| 260 |
_aLima : _bPerú, _c1985. |
||
| 300 |
_a79 páginas ; _c23 cm. |
||
| 505 | _aContenido : Pensamiento -- El pan no esta -- Minka Nacional -- A Micaela Bastidas... | ||
| 650 |
_aLiteratura Peruana _9132 |
||
| 650 |
_aPoemas _9929 |
||
| 650 |
_aQuechua - Español _910875 |
||
| 942 |
_2ddc _cLIBROS |
||
| 945 | _arcc | ||